[Event "Vojvodina-chT"]
[Site "Kac"]
[Date "2014.11.13"]
[Round "9.2"]
[White "Djurnic, Strahinja"]
[Black "Markovic, Dragan M"]
[Result "1-0"]
[WhiteElo "2048"]
[BlackElo "2017"]
[PlyCount "55"]
[EventDate "2014.11.08"]
[EventType "team-tourn"]
[EventRounds "11"]
[EventCountry "SRB"]
[SourceTitle "EXT 2017"]
[Source "ChessBase"]
[SourceDate "2016.10.25"]
[SourceVersion "1"]
[SourceVersionDate "2016.10.25"]
[SourceQuality "1"]

1. e4 c5 2. Nf3 d6 3. d4 cxd4 4. Nxd4 e5 5. Nb3 Nf6 6. Nc3 Be7 7. f3 0-0 8. Be3 Be6 9. Qd2 a6 10. 0-0-0 b5 11. g4 Nbd7 12. g5 Nh5 13. Kb1 Nb6 14. Nd5 Bxd5 15. exd5 Nf4 16. Bxf4 exf4 17. h4 Nc4 18. Qxf4 Qc7 19. Nd4 Na5 20. Bd3 Nc4 21. Nc6 Ne5 22. Qe4 f5 23. gxf6 Bxf6 24. Qxh7+ Kf7 25. Qh5+ g6 26. Qh7+ Bg7 27. Nxe5+ dxe5 28. Qxg6+ 1-0

[Event "Vojvodina-chT 2nd League"]
[Site "Stari Banovci"]
[Date "2013.11.05"]
[Round "2"]
[White "Zarin, David"]
[Black "Markovic, Dragan M"]
[Result "1/2-1/2"]
[WhiteElo "1916"]
[BlackElo "2022"]
[PlyCount "38"]
[EventDate "2013.11.03"]
[EventType "team-tourn"]
[EventRounds "11"]
[EventCountry "SRB"]
[SourceTitle "EXT 2015"]
[Source "ChessBase"]
[SourceDate "2014.11.20"]
[SourceVersion "1"]
[SourceVersionDate "2014.11.20"]
[SourceQuality "1"]

1. e4 d5 2. exd5 Qxd5 3. Nc3 Qa5 4. d4 c6 5. Nf3 Bg4 6. h3 Bh5 7. Be2 Nf6 8. 0-0 e6 9. Bf4 Bxf3 10. Bxf3 Be7 11. Re1 0-0 12. Ne4 Nxe4 13. Bxe4 Nd7 14. c3 Nf6 15. Bd3 c5 16. dxc5 Qxc5 17. Qb3 Nd5 18. Be5 b6 19. Rad1 Bf6 1/2-1/2

[Event "SRB-CupT Central"]
[Site "Serbia"]
[Date "2013.04.26"]
[Round "5.9"]
[White "Markovic, Dragan M"]
[Black "Jovcic, Zoran"]
[Result "1/2-1/2"]
[WhiteElo "2021"]
[BlackElo "2111"]
[PlyCount "80"]
[EventDate "2013.03.24"]
[EventType "team-tourn"]
[EventRounds "8"]
[EventCountry "SRB"]
[SourceTitle "EXT 2018"]
[Source "ChessBase"]
[SourceDate "2017.10.13"]
[SourceVersion "1"]
[SourceVersionDate "2017.10.13"]
[SourceQuality "1"]

1. e4 d5 2. exd5 Qxd5 3. Nc3 Qa5 4. d4 Nf6 5. Bc4 Bf5 6. Nf3 e6 7. 0-0 c6 8. Ne5 Bd6 9. Bf4 Qc7 10. Re1 0-0 11. Bd3 Bxd3 12. Qxd3 Nbd7 13. Bg3 Rfd8 14. Qe2 Nf8 15. Rad1 a6 16. Rd3 Rac8 17. Rf3 Bb4 18. Rxf6 gxf6 19. Qg4+ Kh8 20. Ng6+ hxg6 21. Bxc7 Rxc7 22. Qf4 Rcd7 23. Qxf6+ Kg8 24. Rd1 Nh7 25. Qe5 Bd6 26. Qe2 Nf6 27. g3 Be7 28. a3 Rxd4 29. Rxd4 Rxd4 30. Qe5 Rd2 31. b4 Rxc2 32. h3 Nd7 33. Qe3 c5 34. Ne4 cxb4 35. axb4 Rc4 36. Nd2 Rxb4 37. Qc3 Nf6 38. Qc8+ Kg7 39. Qc3 Kg8 40. Qc8+ Kg7 1/2-1/2